• 首页
  • 本馆介绍
  • 公告通知
  • 最新文献
  • 馆藏检索
  • 电子资源
  • 读者导购
  • 参考咨询
  • 我的图书馆
  • 登录
  • 详细信息显示
  • 放入我的书架
  • 预约/预借图书
  • 作者相关作品
  • 分类相关作品
  • 丛书相关作品
  • 出版社相关作品

书目信息

  • 表格格式
  • 工作单格式
  • 卡片格式
题名:
夏史
    
 
作者: 郭泳 著
分册:  
出版信息: 上海   上海人民出版社  2015
页数: 226页
开本: 24cm
丛书名: 细讲中国历史丛书
单 册:
中图分类: K222.09
科图分类:
主题词: 夏代--xia dai--历史--通俗读物
电子资源:
ISBN: 978-7-208-12626-8
000 00883nam0 22002531 450
001 1731247275
005 20170602161222.0
010    @a978-7-208-12626-8@dCNY48.00
100    @a20150302d2015 em y0chiy50 ea
101 0  @achi
102    @aCN@b310000
105    @aab z 000yy
106    @ar
200 1  @a夏史@Axia shi@f郭泳著
210    @a上海@c上海人民出版社@d2015
215    @a226页@c图,地图@d24cm
225 2  @a细讲中国历史丛书@Axi jiang zhong guo li shi cong shu
330    @a本书讲述夏代的历史,内容包括:五帝时代和先夏史、早中期的治水英雄鲧、禹定九州和铸九鼎、夏王朝的建立、夏王朝的兴盛、夏王朝的衰亡、夏王朝的权威、夏朝划时代的文明进步等。
461  0 @12001 @a细讲中国历史丛书
606 0  @a夏代@Axia dai@x历史@j通俗读物
690    @aK222.09@v5
701  0 @a郭泳@Aguo yong@c(报刊编辑)@4著
801  0 @aCN@bTANG WEI@c20170527
905    @b0970813-7@dK222.09@e33@f5
    
    夏史/郭泳著.-上海:上海人民出版社,2015
    226页:图,地图;24cm.-(细讲中国历史丛书)
    
    
    ISBN 978-7-208-12626-8:CNY48.00
    本书讲述夏代的历史,内容包括:五帝时代和先夏史、早中期的治水英雄鲧、禹定九州和铸九鼎、夏王朝的建立、夏王朝的兴盛、夏王朝的衰亡、夏王朝的权威、夏朝划时代的文明进步等。
●
相关链接 在E读中查询图书 在五车中查询图书 在当当中查询图书 在豆瓣中查询图书


正题名:夏史     索取号:K222.09/33         预约/预借

序号 登录号 条形码 馆藏地/架位号 状态 备注
1 0970813   209708137   第二样本阅览室/ [索取号:K222.09/33] 在馆    
2 0970814   209708146   第二借阅区/ [索取号:K222.09/33] 在馆    
3 0970815   209708155   第二借阅区/ [索取号:K222.09/33] 在馆    
4 0970816   209708164   第二借阅区/ [索取号:K222.09/33] 在馆    
5 0970817   209708173   第二借阅区/ [索取号:K222.09/33] 在馆    
唐山师范学院图书馆 欢迎您!
大连网信软件有限公司© 版权所有